Statistiques concernant Meilleur club de football par département

Cliquez ici pour prendre le quiz!

Statistiques générales

  • Ce quiz a été pris 141 fois
  • Le résultat moyen est 41 sur 101

Réponses sur la Carte

Les réponses sont colorées sur une échelle allant du rouge au vert en fonction du pourcentage des utilisateurs qui les ont devinées à leur premier essai. Vous pouvez retrouver ces pourcentages ci-dessous.
 

Statistiques - réponses

DépartementRéponse% Correct
13Olympique de Marseille
97%
59LOSC Lille
96%
75Paris Saint-Germain Football Club
96%
33Football Club des Girondins de Bordeaux
95%
35Stade Rennais Football Club
95%
69Olympique lyonnais
92%
06OGC Nice
91%
67Racing Club de Strasbourg Alsace
90%
29Stade Brestois 29
90%
31Toulouse Football Club
89%
89Association de la jeunesse auxerroise
88%
44Football Club de Nantes
87%
42Association sportive de Saint-Étienne
83%
76Le Havre Athletic Club
83%
34Montpellier Hérault Sport Club
83%
62Racing Club de Lens
83%
2AAthletic Club Ajaccien
82%
56Football Club de Lorient
82%
51Stade de Reims
81%
63Clermont Foot 63
80%
2BSporting Club de Bastia
80%
57Football Club de Metz
79%
80Amiens Sporting Club
77%
14Stade Malherbe Caen
76%
49Angers Sporting Club de l'Ouest
75%
54Association sportive Nancy-Lorraine
73%
21Dijon Football Côte-d'Or
71%
30Nîmes Olympique
70%
64Pau Football Club
70%
38Grenoble Foot 38
65%
25Football Club Sochaux-Montbéliard
64%
45Union sportive Orléans Loiret football
64%
74Football Club d'Annecy
63%
72Le Mans Football Club
62%
22En Avant de Guingamp
59%
10Espérance sportive Troyes Aube Champagne
59%
53Stade Lavallois Mayenne Football Club
59%
85La Roche-sur-Yon Vendée Football
56%
79Chamois niortais Football Club
53%
78Football Club Versailles 78
50%
93Red Star Football Club
50%
12Rodez Aveyron Football
50%
36La Berrichonne de Châteauroux
48%
60Association sportive Beauvais Oise
42%
86Stade poitevin Football Club
39%
88Stade athlétique spinalien
38%
26Olympique de Valence
37%
01Football Bourg-en-Bresse Péronnas 01
36%
90Association Sportive Municipale belfortaine Football Club
35%
18Bourges Foot 18
35%
41Blois Football 41
32%
43Le Puy Football 43 Auvergne
32%
50Union sportive d'Avranches Mont-Saint-Michel
32%
05Gap Foot 05
31%
94Union sportive Créteil-Lusitanos
31%
16Angoulême Charente Football Club
29%
83Hyères Football Club
29%
02Olympique Saint-Quentinois
27%
65Tarbes Pyrenees Football
27%
71Union du Football Mâconnais
27%
15Aurillac Football Club
26%
24Bergerac Périgord Football Club
26%
73Chambéry Savoie Football
26%
19Étoile Sportive Aiglons Briviste
24%
11Football Union Narbonne
24%
61Union sportive alençonnaise 61
23%
32Auch Football
17%
55Bar-Le-Duc Football Club
16%
52Chaumont Football Club
16%
23Entente Sportive Guéretoise
16%
70FC Vesoul
16%
39Jura Sud Foot
14%
40Saint-Paul-lès-Dax Football
11%
66Canet Roussillon Football Club
10%
09Luzenac Ariège Pyrénées
10%
971ASC Siroco Les Abymes
9%
37Avoine Olympique Chinon Cinais
9%
04Entente provençale de Manosque
9%
58Cosne UCS Football
8%
91Football Club Fleury 91
7%
47Football Club Marmande 47
7%
03Moulins Yzeure Foot 03 Auvergne
6%
77Union Sportive Torcy
5%
68Association sportive et culturelle de Biesheim
4%
17Sporting Club Angérien Saint Jean d'angely
4%
81Lavaur FC
3%
87AS Panazol
2%
974Association sportive Excelsior
2%
28CS Mainvilliers Football
2%
27Football Club Gisors Vexin Normand
2%
92Racing Club de France Football
2%
08Association sportive Prix-lès-Mézières
1%
84Athlétic Club Vedène Le Pontet
1%
46Avenir Football Biars Bretenoux
1%
95Entente Sannois Saint-Gratien
1%
976ACSJ M'liha
0%
973AS Étoile Matoury
0%
48Avenir Foot Lozère
0%
972Club franciscain
0%
82FC 2 Rives 82
0%
07FC Rhône Vallées
0%

Distribution des résultats

Percentile par nombre de réponses

% des personnes avec chaque résultat

Votre développement - résultats

Vous n’avez pas pris ce quiz